| 000 | 01868nam a22003257a 4500 | ||
|---|---|---|---|
| 005 | 20230512223718.0 | ||
| 008 | 220117t xxu||||| |||| 00| 0 eng d | ||
| 020 | _a9781788925037 | ||
| 040 | _cCSPC | ||
| 050 | 0 | _aPC115.45.M854 | |
| 082 | 0 |
_a306.446 _bM919 |
|
| 245 | 0 | 0 | _aMultilingualism, (Im) mobilities and spaces of belonging |
| 260 |
_aUK : _bMultilingual Matters ; _c2020. |
||
| 300 |
_axiii, 246 pages : _bfigures ; _c22 cm. |
||
| 336 |
_2rdacontent _atext |
||
| 337 |
_2rdamedia _aunmediated |
||
| 338 |
_2rdacarrier _avolume |
||
| 440 | 0 | _aEncounters : 17 | |
| 500 | _aIncludes index, | ||
| 504 | _aIncludes bibliographical references. | ||
| 520 | _aCertain forms of mobility and multilingualism tend to be portrayed as problematic in the public sphere, while others are considered to be unremarkable. Divided into three thematic sections, this book explores the contestation of spaces and the notion of borders, examines the ways in which heritage and authenticity are linked or challenged, and interrogates the intersections between mobility and hierarchies and the ways that language can be linked to notions of belonging and aspirations for mobility. Based on fieldwork in Africa, Asia, Australasia and Europe, it explores how language functions as both site of struggle and as a means of overcoming struggle. This volume will be of particular interest to scholars taking ethnographic and critical sociolinguistic approaches to the study of language and belonging in the context of globalisation. | ||
| 650 | 1 | 0 |
_aMultilingualism _vSocial aspects _xCase studies. |
| 650 | 1 | 0 |
_aLanguage and culture _xCase studies. |
| 700 | 1 |
_aKristine Horner _eeditor |
|
| 700 | 1 |
_aJennifer Dailey-Oßain _eeditor |
|
| 940 | _aLenie | ||
| 942 |
_cBOOK _jCIR 306.446 M919 2020 |
||
| 999 |
_c11666 _d11666 |
||